[Event "Open SSM A Agosto"]
[Site "Milano ITA"]
[Date "2011.07.31"]
[Round "3"]
[White "Guzzetti, Luigi Enrico"]
[Black "Papale, Carmelo"]
[Result "1-0"]
[WhiteElo "1962"]
[BlackElo "1873"]
[PlyCount "77"]
[EventDate "2011.07.29"]

1. e4 c5 2. Nf3 d6 3. d4 cxd4 4. Nxd4 Nf6 5. Nc3 a6 6. Be2 e5 7. Nb3 Be7 8. Be3
Be6 9. O-O Nbd7 10. Qd2 Rc8 11. Rfd1 O-O 12. f3 Qc7 13. Rac1 b5 14. a4 bxa4 15.
Nxa4 d5 16. Bxa6 Ra8 17. Bb5 dxe4 18. Bxd7 Nxd7 19. Nc3 exf3 20. gxf3 Nb6 21.
Bxb6 Qxb6+ 22. Qf2 Qc6 23. Kg2 f5 24. Qe3 e4 25. Nd4 Qb6 26. fxe4 f4 27. Qf3
Bf7 28. Nf5 Bc5 29. Qxf4 Be6 30. Qe5 Rf6 31. Nd5 Rg6+ 32. Kh1 Qd8 33. Nde7+
Bxe7 34. Rxd8+ Bxd8 35. h4 Rc8 36. h5 Rf6 37. Rg1 Bxf5 38. exf5 Rxc2 39. Qd5+
1-0

[Event "Open SSM A Agosto"]
[Site "Milano ITA"]
[Date "2011.07.31"]
[Round "3"]
[White "Villalba, Fernando"]
[Black "Swannie, Douglas"]
[Result "1-0"]
[WhiteElo "1817"]
[BlackElo "1984"]
[PlyCount "142"]
[EventDate "2011.07.29"]

1. d4 d5 2. Nf3 e6 3. Bf4 c5 4. c3 Nc6 5. e3 Nf6 6. Be2 Bd6 7. Ne5 Qc7 8. Bb5
O-O 9. Bxc6 bxc6 10. Nd2 Nd7 11. Ndf3 f6 12. Nxd7 Bxd7 13. Bxd6 Qxd6 14. dxc5
Qxc5 15. O-O e5 16. Nd2 a5 17. Nb3 Qc4 18. Nd2 Qb5 19. b3 Be6 20. Rc1 Rfd8 21.
Qc2 Qb7 22. c4 d4 23. exd4 exd4 24. Rfe1 Bf7 25. Qd1 c5 26. h3 Re8 27. Qg4 Bg6
28. h4 Qb4 29. Qf4 d3 30. g4 h6 31. h5 Bh7 32. Rcd1 Rad8 33. Re3 Rxe3 34. Qxe3
Qb6 35. Re1 Qd6 36. f4 f5 37. g5 hxg5 38. fxg5 Kf8 39. Qe5 Qd4+ 40. Qxd4 Rxd4
41. g6 Bg8 42. Re5 f4 43. Rxc5 Ke7 44. h6 gxh6 45. g7 Rd8 46. Rxa5 Kf6 47. Ra7
Bf7 48. Kf2 Re8 49. Kf3 Re2 50. Ne4+ Kxg7 51. Nd6 Re1 52. Nxf7 d2 53. Rd7 d1=Q+
54. Rxd1 Rxd1 55. Ne5 Rf1+ 56. Kg2 Ra1 57. a4 Ra3 58. Kf3 Rxb3+ 59. Kxf4 Rb4
60. a5 Ra4 61. Ke4 Rxa5 62. Kd4 h5 63. c5 h4 64. Nf3 h3 65. c6 Ra7 66. Kc5 Kg6
67. Kb6 Ra1 68. Kb7 Kf5 69. c7 Rb1+ 70. Kc6 Rc1+ 71. Kd6 Rxc7 1-0

[Event "Open SSM A Agosto"]
[Site "Milano ITA"]
[Date "2011.07.31"]
[Round "3"]
[White "D'Avino, Luca"]
[Black "Bisignano, Giuseppe"]
[Result "0-1"]
[WhiteElo "1848"]
[BlackElo "1921"]
[PlyCount "130"]
[EventDate "2011.07.29"]

1. e4 e5 2. Nf3 Nc6 3. Bb5 a6 4. Ba4 Nf6 5. O-O Be7 6. Re1 d6 7. c3 Bd7 8. d4
b5 9. Bb3 O-O 10. Nbd2 Bg4 11. d5 Na5 12. Bc2 Nb7 13. Nf1 a5 14. h3 Bd7 15. Ng3
g6 16. Bh6 Re8 17. Qd2 Nc5 18. Rad1 Qc8 19. Nh2 b4 20. c4 Qa6 21. b3 a4 22.
Qxb4 axb3 23. axb3 Reb8 24. Qc3 Qa5 25. Qxa5 Rxa5 26. b4 Rxb4 27. Bd2 Rxc4 28.
Bxa5 Rxc2 29. f3 Nb3 30. Bb4 Bb5 31. Nhf1 Bxf1 32. Kxf1 h5 33. Rb1 Nd4 34. Rec1
Nd7 35. Rxc2 Nxc2 36. Ba5 Nc5 37. Rc1 Ne3+ 38. Kg1 Nb3 39. Rc3 Nxa5 40. Rxe3 c5
41. dxc6 Nxc6 42. Ne2 f5 43. Rd3 Kf7 44. Kf2 Ke6 45. Ke1 Nb4 46. Rb3 d5 47.
exd5+ Kxd5 48. Kd2 Bc5 49. Kc3 Na2+ 50. Kb2 Nb4 51. Kc3 Nc6 52. Rb5 Na7 53. Rb7
Nc6 54. Rd7+ Bd6 55. Rg7 Ne7 56. Rh7 e4 57. Nf4+ Ke5 58. Ne2 Nd5+ 59. Kc4 Ne3+
60. Kb5 Nxg2 61. fxe4 fxe4 62. Rg7 Nh4 63. Kc4 Kf6 64. Rd7 Be5 65. Kd5 65...
Nf3 {...} 0-1

[Event "Open SSM A Agosto"]
[Site "Milano ITA"]
[Date "2011.07.31"]
[Round "3"]
[White "Rossi, Giampiero"]
[Black "Regorda, Vittorio"]
[Result "1-0"]
[WhiteElo "1917"]
[BlackElo "1880"]
[PlyCount "95"]
[EventDate "2011.07.29"]

1. d4 d5 2. c4 c6 3. cxd5 cxd5 4. Nc3 Nf6 5. Nf3 e6 6. Bf4 Bd6 7. Bg3 a6 8. e3
O-O 9. Bd3 b5 10. a3 Bb7 11. O-O Nc6 12. Qe2 Re8 13. Rfd1 Bxg3 14. hxg3 h6 15.
a4 b4 16. Na2 Rc8 17. Bxa6 Qb6 18. Bxb7 Qxb7 19. Qb5 Rb8 20. Qxb7 Rxb7 21. b3
Ne4 22. Nd2 Nc3 23. Re1 Na5 24. Kf1 Reb8 25. Rec1 Rb6 26. Nxc3 bxc3 27. Rxc3
Nxb3 28. Nxb3 Rxb3 29. Rxb3 Rxb3 30. a5 Rb8 31. a6 Kf8 32. a7 Ra8 33. Ke2 Ke8
34. Kd3 Kd7 35. Kc3 Kc7 36. f3 Kb6 37. Kb4 h5 38. Ra5 g6 39. e4 Kc6 40. exd5+
exd5 41. Ra6+ Kb7 42. Kb5 g5 43. Rd6 Rf8 44. Rd7+ Ka8 45. Kc5 f5 46. Kxd5 f4
47. gxf4 Rxf4 48. Rg7 1-0

[Event "Open SSM A Agosto"]
[Site "Milano ITA"]
[Date "2011.07.31"]
[Round "4"]
[White "Cani, Gazmir"]
[Black "Martinez, Rolly"]
[Result "1-0"]
[WhiteElo "2114"]
[BlackElo "2419"]
[PlyCount "70"]
[EventDate "2011.07.29"]

1. Nf3 d5 2. g3 c6 3. Bg2 Nf6 4. O-O Bf5 5. d3 h6 6. Nbd2 e6 7. Qe1 Bh7 8. e4
Be7 9. Qe2 a5 10. Re1 Na6 11. e5 Nd7 12. Nf1 b5 13. Nd4 Qb6 14. Qg4 Nf8 15. Be3
c5 16. Ne2 Bf5 17. Qh5 g6 18. Qf3 Nd7 19. Nf4 Nb4 20. Qd1 Nxe5 21. a3 Nbc6 22.
h3 g5 23. Nh5 Kf8 24. f4 gxf4 25. Bxf4 f6 26. Kh2 Rd8 27. Qd2 Kf7 28. g4 Bg6
29. Nfg3 c4 30. Rf1 cxd3 31. Bxh6 Nc4 32. Rxf6+ Bxf6 33. Qf4 Bh7 34. Rf1 Qd4
35. Qc7+ Kg6 1-0

[Event "Open SSM A Agosto"]
[Site "Milano ITA"]
[Date "2011.07.31"]
[Round "4"]
[White "Gongalov, Bojan"]
[Black "Moroni, Luca jr"]
[Result "1-0"]
[WhiteElo "2045"]
[BlackElo "1964"]
[PlyCount "75"]
[EventDate "2011.07.29"]

1. c4 e6 2. d4 d5 3. Nf3 Nf6 4. g3 dxc4 5. Bg2 Nbd7 6. O-O Bd6 7. Nbd2 Nb6 8.
e4 Be7 9. Nxc4 Nxc4 10. Qa4+ Bd7 11. Qxc4 Nxe4 12. Ne5 Nd6 13. Qc2 O-O 14. Bf4
Be8 15. Rfd1 c6 16. a4 Bg5 17. Nd3 Bxf4 18. Nxf4 Nc8 19. a5 a6 20. Nd3 Ne7 21.
Nc5 Rb8 22. Qe4 Nd5 23. Ra3 Qc7 24. Qe5 Qc8 25. Rb3 Bd7 26. Rc1 Rd8 27. h4 Nf6
28. Na4 Re8 29. h5 Nd5 30. h6 f6 31. Qd6 Qd8 32. Nc5 Re7 33. Nxa6 Ra8 34. Rxb7
Be8 35. Qxd8 Rxd8 36. Rxe7 Nxe7 37. Nc7 Rxd4 38. Nxe8 1-0

[Event "Open SSM A Agosto"]
[Site "Milano ITA"]
[Date "2011.07.31"]
[Round "4"]
[White "Villalba, Fernando"]
[Black "Quaranta, Cristiano"]
[Result "0-1"]
[WhiteElo "1817"]
[BlackElo "2140"]
[PlyCount "94"]
[EventDate "2011.07.29"]

1. d4 Nf6 2. Nf3 g6 3. Bf4 Bg7 4. c3 d6 5. e3 O-O 6. Be2 c5 7. h3 Be6 8. O-O
Qb6 9. Qc1 Rc8 10. dxc5 Qxc5 11. Nbd2 b5 12. Nb3 Qb6 13. Nbd4 Bd7 14. Nc2 a5
15. a3 Na6 16. Nd2 Rab8 17. Bg5 Nc5 18. Bxf6 Bxf6 19. Qd1 Na4 20. Rb1 Bxc3 21.
bxc3 Nxc3 22. Qe1 Nxe2+ 23. Qxe2 Rxc2 24. Qd3 Rbc8 25. Nf3 R2c3 26. Qe4 Bf5 27.
Qh4 Bxb1 28. Rxb1 Rc1+ 29. Rxc1 Rxc1+ 30. Kh2 f6 31. Qh6 Qd8 32. e4 Rc4 33. Qe3
Qc7 34. Qd3 d5+ 35. g3 dxe4 36. Qd5+ Kg7 37. Nd4 Rxd4 38. Qxd4 Qd6 39. Qxe4
Qxa3 40. h4 Qc5 41. Kg2 a4 42. g4 a3 43. Qe6 Qe5 44. Qa2 Qe4+ 45. Kg3 Qe5+ 46.
Kg2 b4 47. f3 Qb2+ 0-1

[Event "Open SSM A Agosto"]
[Site "Milano ITA"]
[Date "2011.07.31"]
[Round "4"]
[White "Cazzaniga, Walter"]
[Black "Bemporad, Filippo"]
[Result "0-1"]
[WhiteElo "2088"]
[BlackElo "2068"]
[PlyCount "110"]
[EventDate "2011.07.29"]

1. d4 Nf6 2. c4 e6 3. Nf3 b6 4. g3 Bb7 5. Bg2 Bb4+ 6. Bd2 Bxd2+ 7. Qxd2 O-O 8.
Nc3 d5 9. cxd5 exd5 10. O-O Nbd7 11. b4 c5 12. bxc5 bxc5 13. Rab1 Rb8 14. Rfd1
Re8 15. dxc5 Nxc5 16. Qd4 Qe7 17. Qb4 Nce4 18. Qxe7 Rxe7 19. Nxe4 dxe4 20. Nd4
Rf8 21. Rdc1 g6 22. Rc5 Kg7 23. e3 Ba6 24. Bf1 Bxf1 25. Kxf1 Ng4 26. h3 Ne5 27.
Ke2 Nd3 28. Rc6 Ne5 29. Ra6 Rc8 30. Rb5 Rc1 31. Rba5 Rcc7 32. g4 Nd3 33. f4 Nc5
34. Rc6 Nd3 35. g5 Rb7 36. f5 Rb2+ 37. Kf1 Re8 38. f6+ Kg8 39. Rxa7 h6 40. h4
Reb8 41. Rc2 Rb1+ 42. Kg2 R8b2 43. Rac7 Ne1+ 44. Kg3 Nxc2 45. Rc8+ Kh7 46. Rxc2
Rxc2 47. Nxc2 Rb2 48. Ne1 Rxa2 49. Ng2 h5 50. Nf4 Kg8 51. Nd5 Kf8 52. Kf4 Rh2
53. Kg3 Ra2 54. Kf4 Rf2+ 55. Kxe4 Rh2 0-1

[Event "Open SSM A Agosto"]
[Site "Milano ITA"]
[Date "2011.07.31"]
[Round "4"]
[White "Di Chiara, Mauro"]
[Black "Guzzetti, Luigi Enrico"]
[Result "1-0"]
[WhiteElo "1951"]
[BlackElo "1962"]
[PlyCount "59"]
[EventDate "2011.07.29"]

1. Nf3 Nf6 2. c4 g6 3. Nc3 Bg7 4. d4 O-O 5. e4 d6 6. Be2 c6 7. O-O Qc7 8. Bf4
Nbd7 9. c5 Nh5 10. cxd6 exd6 11. Be3 Re8 12. Rc1 Nhf6 13. Nd2 a6 14. a4 c5 15.
f4 cxd4 16. Bxd4 Qb8 17. Bf3 Nc5 18. e5 Nfd7 19. Nc4 dxe5 20. fxe5 Ne6 21. Nd6
Rf8 22. Nd5 Nxd4 23. Ne7+ Kh8 24. Rxc8 Nxf3+ 25. Qxf3 Qa7+ 26. Kh1 Nxe5 27.
Rxf8+ Rxf8 28. Qd5 f5 29. Re1 Ng4 30. Qg8+ 1-0

[Event "Open SSM A Agosto"]
[Site "Milano ITA"]
[Date "2011.07.31"]
[Round "4"]
[White "Miracola, Massimiliano"]
[Black "Gonella, Daniele"]
[Result "0-1"]
[WhiteElo "2038"]
[BlackElo "2067"]
[PlyCount "108"]
[EventDate "2011.07.29"]

1. e4 e5 2. Nf3 Nc6 3. Bc4 Bc5 4. c3 Qe7 5. d3 d6 6. O-O Bb6 7. Nbd2 Nf6 8. Re1
O-O 9. Nf1 Be6 10. Bb3 Ng4 11. Re2 Bxb3 12. axb3 f5 13. h3 fxe4 14. dxe4 Nf6
15. Ng3 Qf7 16. Bg5 Qg6 17. Be3 Rad8 18. Nh4 Qf7 19. Bxb6 axb6 20. c4 g6 21.
Nf3 Nd7 22. Qd5 Nc5 23. Qd1 Ne6 24. Rd2 Qf4 25. Ne1 Ned4 26. Nd3 Qg5 27. Kh1
Nxb3 28. f4 Qxg3 29. Qxb3 Nd4 30. Qd1 exf4 31. Ne1 Ne6 32. Ra3 Qh4 33. Nf3 Qe7
34. b4 Ng5 35. Re2 Nxf3 36. Rxf3 Qe6 37. Qd5 Qxd5 38. exd5 g5 39. Ra3 Rfe8 40.
Rxe8+ Rxe8 41. Ra7 Re4 42. c5 bxc5 43. bxc5 dxc5 44. Rxb7 Re1+ 45. Kh2 Rd1 46.
Rxc7 Rxd5 47. Kg1 h5 48. Kf2 Rd2+ 49. Kf3 Rc2 50. Ke4 Rxg2 51. Rxc5 h4 52. Kf5
Kf7 53. Rc3 Ke7 54. Rf3 Kd6 0-1

[Event "Open SSM A Agosto"]
[Site "Milano ITA"]
[Date "2011.07.31"]
[Round "4"]
[White "Pelizzola, Danilo"]
[Black "Rota, Simone"]
[Result "1/2-1/2"]
[WhiteElo "2016"]
[BlackElo "2020"]
[PlyCount "83"]
[EventDate "2011.07.29"]

1. e4 c5 2. Nf3 d6 3. Bb5+ Bd7 4. Bxd7+ Qxd7 5. O-O e6 6. b3 Nf6 7. Qe2 Be7 8.
Bb2 O-O 9. d4 cxd4 10. Nxd4 Nc6 11. c4 Nxd4 12. Bxd4 Qc6 13. Nc3 e5 14. Nd5
Nxd5 15. cxd5 Qd7 16. Be3 f5 17. f3 a6 18. Rac1 Rac8 19. Rxc8 Rxc8 20. Rc1 f4
21. Bd2 b5 22. Qf1 Bd8 23. Rxc8 Qxc8 24. Qc1 Qxc1+ 25. Bxc1 Bb6+ 26. Kf1 Bc5
27. Bd2 Kf7 28. Ba5 Ke7 29. g3 fxg3 30. hxg3 h5 31. Kg2 g5 32. Kh3 Be3 33. Bc7
Kd7 34. Ba5 Bc1 35. Bb6 Kc8 36. Ba5 Kd7 37. Bb6 Bd2 38. Bf2 Kc7 39. Bg1 Kb7 40.
Bf2 Bc1 41. Bg1 Bd2 42. Bf2 1/2-1/2

[Event "Open SSM A Agosto"]
[Site "Milano ITA"]
[Date "2011.07.31"]
[Round "4"]
[White "Bisignano, Giuseppe"]
[Black "Tagliaferri, Valerio"]
[Result "1-0"]
[WhiteElo "1921"]
[BlackElo "1859"]
[PlyCount "81"]
[EventDate "2011.07.29"]

1. e4 c5 2. Nf3 Nc6 3. d4 cxd4 4. Nxd4 Nf6 5. Nc3 d6 6. Bc4 a6 7. f3 Qc7 8. Be3
e6 9. O-O Be7 10. Re1 O-O 11. a3 b5 12. Be2 Bb7 13. Nxc6 Bxc6 14. Qd2 Rfd8 15.
Bd3 Qb7 16. Qf2 Rac8 17. Qg3 Nd7 18. Bh6 Bf6 19. f4 Qb6+ 20. Kh1 Qc7 21. Bg5
Bxg5 22. Qxg5 h6 23. Qh4 Nc5 24. Rad1 Nxd3 25. Rxd3 e5 26. f5 f6 27. Rg3 Kf8
28. Ree3 d5 29. Rxg7 Qxg7 30. Rg3 Qxg3 31. Qxf6+ Ke8 32. hxg3 dxe4 33. Qe6+ Kf8
34. Qxh6+ Kg8 35. f6 Rd7 36. Qg6+ Kf8 37. g4 e3 38. g5 Rcc7 39. Qh6+ Kg8 40. g6
Rd6 41. f7+ 1-0

[Event "Open SSM A Agosto"]
[Site "Milano ITA"]
[Date "2011.07.31"]
[Round "4"]
[White "Papale, Carmelo"]
[Black "Rossi, Giampiero"]
[Result "0-1"]
[WhiteElo "1873"]
[BlackElo "1917"]
[PlyCount "36"]
[EventDate "2011.07.29"]

1. e4 c5 2. Nf3 e6 3. d4 cxd4 4. Nxd4 a6 5. Nc3 Qc7 6. Be2 Nf6 7. O-O Be7 8. f4
d6 9. Kh1 Bd7 10. f5 O-O 11. Qe1 Nc6 12. Be3 b5 13. a3 Nxd4 14. Bxd4 Bc6 15.
Bd3 Qb7 16. Qg3 e5 17. Be3 Kh8 18. Bg5 18... Rfe8 {...} 0-1

[Event "Open SSM A Agosto"]
[Site "Milano ITA"]
[Date "2011.07.31"]
[Round "4"]
[White "Poletto, Daniele"]
[Black "D'Avino, Luca"]
[Result "1/2-1/2"]
[WhiteElo "1803"]
[BlackElo "1848"]
[PlyCount "59"]
[EventDate "2011.07.29"]

1. c4 Nf6 2. Nc3 g6 3. g3 Bg7 4. Bg2 O-O 5. e4 d6 6. Nge2 e5 7. O-O Nc6 8. d3
Ne8 9. f4 f5 10. Be3 Nf6 11. h3 fxe4 12. dxe4 exf4 13. gxf4 Be6 14. c5 Qc8 15.
Kh2 dxc5 16. Bxc5 Rd8 17. Qc2 b6 18. Ba3 Nd4 19. Nxd4 Rxd4 20. e5 Nd5 21. Nxd5
Bxd5 22. Bxd5+ Rxd5 23. Qc4 Qe6 24. Qc2 c5 25. Rad1 Rad8 26. Rxd5 Qxd5 27. b3
Bh6 28. Rf2 Rf8 29. Bc1 Rd8 30. h4 1/2-1/2

[Event "Open SSM A Agosto"]
[Site "Milano ITA"]
[Date "2011.08.01"]
[Round "5"]
[White "Quaranta, Cristiano"]
[Black "Bemporad, Filippo"]
[Result "1/2-1/2"]
[WhiteElo "2140"]
[BlackElo "2068"]
[PlyCount "73"]
[EventDate "2011.07.29"]

1. d4 Nf6 2. c4 e6 3. g3 d5 4. Nf3 Be7 5. Bg2 O-O 6. O-O b6 7. Qc2 Bb7 8. Nbd2
Nbd7 9. Rd1 c5 10. dxc5 Nxc5 11. b4 Nce4 12. cxd5 Rc8 13. Qb3 Bxd5 14. Qa3 Nc3
15. Re1 a5 16. Qb2 axb4 17. e3 Nfe4 18. Nxe4 Bxe4 19. Nd4 Bxg2 20. Kxg2 Qd5+
21. f3 Rc4 22. Nb3 Bf6 23. Nd2 Rc6 24. Qb3 Qc5 25. a3 Nd5 26. Rb1 Ra8 27. axb4
Qc2 28. e4 Nxb4 29. Qxb4 Bc3 30. Qb5 Bxd2 31. Re2 Rd6 32. e5 Rd5 33. Qxb6 h6
34. Bxd2 Rxd2 35. Rxd2 Qxd2+ 36. Qf2 Qd5 37. Re1 1/2-1/2

[Event "Open SSM A Agosto"]
[Site "Milano ITA"]
[Date "2011.08.01"]
[Round "5"]
[White "Martinez, Rolly"]
[Black "Di Chiara, Mauro"]
[Result "1-0"]
[WhiteElo "2419"]
[BlackElo "1951"]
[PlyCount "67"]
[EventDate "2011.07.29"]

1. e4 d6 2. d4 Nf6 3. Nc3 g6 4. f3 Bg7 5. Be3 O-O 6. Qd2 c6 7. h4 h5 8. Nh3 b5
9. Ng5 Qa5 10. Bd3 Nbd7 11. a4 b4 12. Ne2 e5 13. O-O d5 14. c4 c5 15. dxe5 d4
16. Bf4 Nh7 17. e6 Ne5 18. Bxe5 Bxe5 19. exf7+ Kg7 20. f4 Nxg5 21. hxg5 Bc7 22.
e5 Rxf7 23. Ng3 h4 24. Ne4 Bf5 25. Nf6 Bxd3 26. Qxd3 Qa6 27. Rad1 Qe6 28. b3
Qf5 29. Qxf5 gxf5 30. Rf3 Kg6 31. Kf2 Rh8 32. Rh1 Bd8 33. Nd5 Rfh7 34. Rfh3 1-0

[Event "Open SSM A Agosto"]
[Site "Milano ITA"]
[Date "2011.08.01"]
[Round "5"]
[White "Gonella, Daniele"]
[Black "Cazzaniga, Walter"]
[Result "0-1"]
[WhiteElo "2067"]
[BlackElo "2088"]
[PlyCount "80"]
[EventDate "2011.07.29"]

1. e4 e6 2. d4 d5 3. Nc3 Bb4 4. e5 c5 5. a3 Bxc3+ 6. bxc3 Qa5 7. Bd2 Qa4 8. Qg4
g6 9. Nf3 Nc6 10. Be2 Bd7 11. O-O O-O-O 12. Rfb1 h6 13. Rb2 c4 14. h4 Nge7 15.
Qf4 Qa5 16. Rab1 b6 17. Ra1 Qa6 18. Nh2 Nf5 19. g3 Nce7 20. g4 g5 21. hxg5 Ng6
22. Qf3 Nfh4 23. Qg3 hxg5 24. Bxg5 Rdg8 25. Bf6 Nf5 26. Qf3 Nfh4 27. Qe3 Rh7
28. Nf1 Ba4 29. Ng3 Kc7 30. Kf1 b5 31. Ke1 Ng2+ 32. Kd2 Nxe3 33. Kxe3 Qa5 34.
Kd2 Rh2 35. Rf1 Nf4 36. g5 Nh3 37. f4 Nf2 38. Rb4 Ne4+ 39. Nxe4 dxe4 40. Rb2
e3+ 0-1

[Event "Open SSM A Agosto"]
[Site "Milano ITA"]
[Date "2011.08.01"]
[Round "5"]
[White "Moroni, Luca jr"]
[Black "Bisignano, Giuseppe"]
[Result "1-0"]
[WhiteElo "1964"]
[BlackElo "1921"]
[PlyCount "101"]
[EventDate "2011.07.29"]

1. e4 e5 2. Nf3 Nc6 3. d4 exd4 4. Bc4 Nf6 5. e5 d5 6. Bb5 Ne4 7. Nxd4 Bd7 8.
Bxc6 bxc6 9. O-O Bc5 10. Be3 O-O 11. c3 Qe7 12. f3 Ng5 13. f4 Ne4 14. Nd2 Nxd2
15. Qxd2 Rab8 16. Rae1 Bxd4 17. Bxd4 Bf5 18. b4 a5 19. Bc5 Qe6 20. Bxf8 Kxf8
21. a3 c5 22. Rc1 axb4 23. axb4 g6 24. Qe3 Rb5 25. Ra1 Be4 26. Ra5 Qg4 27. Qg3
Qe2 28. Qf2 Qc4 29. Rxb5 Qxb5 30. Qxc5+ Qxc5+ 31. bxc5 Ke7 32. Kf2 Kd7 33. Ke3
Bxg2 34. Rb1 Ke6 35. Kd4 Kd7 36. Rb8 Bh3 37. Kxd5 Be6+ 38. Kd4 h5 39. h4 Bg4
40. Rh8 Be6 41. Rh7 c6 42. f5 gxf5 43. Rxh5 Ke7 44. Rh6 Kf8 45. Ke3 Kg7 46. Rf6
Kh7 47. Kf4 Kg7 48. Rxf5 Kg6 49. Rf6+ Kh5 50. c4 Bxc4 51. Rxc6 1-0

[Event "Open SSM A Agosto"]
[Site "Milano ITA"]
[Date "2011.08.01"]
[Round "5"]
[White "Rota, Simone"]
[Black "Villalba, Fernando"]
[Result "0-1"]
[WhiteElo "2020"]
[BlackElo "1817"]
[PlyCount "96"]
[EventDate "2011.07.29"]

1. d4 Nf6 2. Nf3 e6 3. c4 d5 4. e3 Be7 5. Bd3 O-O 6. b3 c6 7. Bb2 Nbd7 8. O-O
h6 9. Nbd2 b6 10. Ne5 Bb7 11. f4 c5 12. Ndf3 dxc4 13. bxc4 Qc7 14. f5 cxd4 15.
exd4 exf5 16. Bxf5 Bd6 17. Rc1 Rad8 18. Nxd7 Nxd7 19. h3 Nf6 20. Qc2 Bf4 21.
Rce1 Rfe8 22. d5 Nh5 23. Bd4 Ng3 24. Bh7+ Kh8 25. Rxe8+ Rxe8 26. Re1 Rxe1+ 27.
Nxe1 Qe7 28. Kf2 Nh1+ 29. Kf3 Qxe1 30. Kxf4 Qg3+ 31. Ke4 Kxh7 32. Qb2 Bc8 33.
Be3 f5+ 34. Kd4 Qh4+ 35. Kc3 Qe4 36. Bd4 Ng3 37. Kb4 Qe7+ 38. Kb5 Qe8+ 39. Kb4
a5+ 40. Kb3 Ne2 41. Bxb6 a4+ 42. Kb4 Bd7 43. Qd2 Ng3 44. Qf2 Ne4 45. Qf4 Qf8+
46. c5 Nf6 47. Kc4 Bc8 48. Bc7 Qf7 0-1

[Event "Open SSM A Agosto"]
[Site "Milano ITA"]
[Date "2011.08.01"]
[Round "5"]
[White "Guzzetti, Luigi Enrico"]
[Black "Pelizzola, Danilo"]
[Result "1/2-1/2"]
[WhiteElo "1962"]
[BlackElo "2016"]
[PlyCount "121"]
[EventDate "2011.07.29"]

1. e4 e5 2. Nf3 Nc6 3. Bb5 a6 4. Ba4 Nf6 5. O-O Be7 6. Re1 b5 7. Bb3 O-O 8. c3
d6 9. h3 Na5 10. Bc2 c5 11. d4 Qc7 12. Nbd2 Re8 13. Nf1 Bf8 14. Bg5 Nd7 15. Ne3
Nb6 16. Rc1 Nac4 17. b3 Nxe3 18. Bxe3 g6 19. Qd2 f6 20. a4 bxa4 21. bxa4 Be6
22. d5 Bd7 23. Ra1 Nc4 24. Qe2 Nxe3 25. Qxe3 Qa5 26. Nd2 Be7 27. Nc4 Qc7 28. f4
Kg7 29. Rf1 Rf8 30. Rf3 Qd8 31. Raf1 Rb8 32. fxe5 fxe5 33. Rxf8 Bxf8 34. Qf3
Qe7 35. Rf2 Kg8 36. Kh2 Bg7 37. a5 Rf8 38. Qe3 Bh6 39. Rxf8+ Qxf8 40. Qf3 Bb5
41. Qxf8+ Bxf8 42. Nb6 Be7 43. c4 Be8 44. Kg3 Kf7 45. Bd1 Bd8 46. Bg4 Ke7 47.
Bc8 Bxb6 48. axb6 Kd8 49. Bxa6 Ba4 50. Kf3 Bc2 51. Ke3 h6 52. g3 g5 53. h4 Kd7
54. hxg5 hxg5 55. Kf3 Bd1+ 56. Kg2 Kd8 57. Bb5 Kc8 58. Bc6 Kb8 59. Kf2 Kc8 60.
Ke3 Kb8 61. Kd3 1/2-1/2

[Event "Open SSM A Agosto"]
[Site "Milano ITA"]
[Date "2011.08.01"]
[Round "5"]
[White "Rossi, Giampiero"]
[Black "Miracola, Massimiliano"]
[Result "0-1"]
[WhiteElo "1917"]
[BlackElo "2038"]
[PlyCount "52"]
[EventDate "2011.07.29"]

1. d4 d5 2. c4 e6 3. Nc3 c6 4. e4 dxe4 5. Nxe4 Bb4+ 6. Bd2 Qxd4 7. Bxb4 Qxe4+
8. Be2 Na6 9. Bf8 Ne7 10. Bxg7 Rg8 11. Bf6 Rg6 12. Bxe7 Kxe7 13. Qd2 e5 14.
O-O-O Bf5 15. Bd3 Qxd3 16. Qxd3 Bxd3 17. Rxd3 Rxg2 18. Re3 Rxf2 19. Rxe5+ Kf6
20. Re3 Rf1+ 21. Kd2 Rg8 22. Rg3 Rxg3 23. hxg3 Kg7 24. Kc3 Nc5 25. Kd4 Ne6+ 26.
Ke3 Ra1 0-1

[Event "Open SSM A Agosto"]
[Site "Milano ITA"]
[Date "2011.08.01"]
[Round "5"]
[White "Tagliaferri, Valerio"]
[Black "Regorda, Vittorio"]
[Result "1-0"]
[WhiteElo "1859"]
[BlackElo "1880"]
[PlyCount "120"]
[EventDate "2011.07.29"]

1. d4 d5 2. c4 c6 3. Nc3 Nf6 4. Bg5 e6 5. Nf3 Be7 6. e3 O-O 7. Rc1 Nbd7 8. cxd5
exd5 9. Bd3 Re8 10. O-O Nf8 11. Ne5 N6d7 12. Bf4 Nxe5 13. Bxe5 Bd6 14. Bxd6
Qxd6 15. Qa4 Bd7 16. b4 a6 17. Qb3 Re6 18. Rfe1 Rh6 19. g3 Qe6 20. Bf1 Qg6 21.
Ne2 Qh5 22. h4 Ng6 23. Nf4 Nxf4 24. exf4 Qg4 25. Bg2 Be6 26. Re5 f6 27. Re3 Bf5
28. Rce1 Bg6 29. Re7 Qc8 30. Qe3 Bf7 31. Kh2 f5 32. Qe5 Rf6 33. Rc7 Qd8 34.
Rxb7 Kf8 35. Bh3 g6 36. Qe7+ Qxe7 37. Rexe7 a5 38. bxa5 Rxa5 39. Ra7 Rxa7 40.
Rxa7 Re6 41. Ra4 Re2 42. Kg1 Rc2 43. Bf1 c5 44. dxc5 Rxc5 45. Rd4 Ra5 46. a4
Ke7 47. Bb5 Kd6 48. Kf1 Kc5 49. Rd1 d4 50. Rc1+ Kb4 51. Rc7 Bg8 52. Ke1 Bb3 53.
Rd7 Bxa4 54. Bxa4 Kxa4 55. Rxd4+ Kb3 56. Rd7 Kc3 57. Rxh7 Kd3 58. Kf1 Ke4 59.
Kg2 Ra1 60. Re7+ Kd5 1-0

[Event "Open SSM A Agosto"]
[Site "Milano ITA"]
[Date "2011.08.01"]
[Round "5"]
[White "D'Avino, Luca"]
[Black "Papale, Carmelo"]
[Result "1-0"]
[WhiteElo "1848"]
[BlackElo "1873"]
[PlyCount "75"]
[EventDate "2011.07.29"]

1. e4 c5 2. Nf3 d6 3. d4 cxd4 4. Nxd4 Nf6 5. Nc3 a6 6. Be2 e5 7. Nb3 Be7 8. O-O
O-O 9. Be3 Be6 10. f4 Qc7 11. f5 Bc4 12. Bxc4 Qxc4 13. Qf3 b5 14. a3 Nbd7 15.
g4 h6 16. h4 d5 17. Nd2 dxe4 18. Qg2 Qc6 19. g5 hxg5 20. hxg5 Nd5 21. Nxd5 Qxd5
22. Nxe4 Rfd8 23. Rad1 Qc4 24. Rxd7 Rxd7 25. Nf6+ Bxf6 26. gxf6 g6 27. Qxa8+
Kh7 28. Qh1+ Kg8 29. Qh6 Qg4+ 30. Kh2 Qh5+ 31. Qxh5 gxh5 32. Rg1+ Kh8 33. Rg5
Rc7 34. Rxh5+ Kg8 35. Bh6 Rxc2+ 36. Kg3 Rxb2 37. Bg7 Rb3+ 38. Kg4 1-0

[Event "Open SSM A Agosto"]
[Site "Milano ITA"]
[Date "2011.08.02"]
[Round "6"]
[White "Cani, Gazmir"]
[Black "Quaranta, Cristiano"]
[Result "1-0"]
[WhiteElo "2114"]
[BlackElo "2140"]
[PlyCount "95"]
[EventDate "2011.07.29"]

1. Nf3 Nf6 2. g3 g6 3. Bg2 Bg7 4. O-O O-O 5. d4 d5 6. c4 dxc4 7. Na3 c3 8. bxc3
c5 9. Nc4 Nc6 10. Be3 Ne4 11. Qc2 Nd6 12. Nxd6 exd6 13. Rfd1 Qa5 14. Bc1 Bg4
15. Bf4 cxd4 16. Nxd4 Nxd4 17. cxd4 Rfe8 18. Rd2 Rac8 19. Qb2 b6 20. h3 Be6 21.
Bxd6 Red8 22. Bb4 Qh5 23. Kh2 a5 24. Bc3 Rd7 25. Rc1 Bh6 26. e3 Rdc7 27. d5 Bd7
28. d6 Rc6 29. Rd5 g5 30. f4 Be6 31. d7 Rd8 32. f5 Bxd5 33. g4 Qh4 34. Be1 Qxe1
35. Rxe1 Bxg2 36. Qxg2 Rd6 37. e4 Bg7 38. e5 R6xd7 39. f6 Rd2 40. Re2 Rxe2 41.
Qxe2 Bf8 42. e6 Bd6+ 43. Kg2 fxe6 44. Qxe6+ Kf8 45. Qf5 Bf4 46. Qxh7 Rd2+ 47.
Kf3 Rd3+ 48. Qxd3 1-0

[Event "Open SSM A Agosto"]
[Site "Milano ITA"]
[Date "2011.08.02"]
[Round "6"]
[White "Martinez, Rolly"]
[Black "Gongalov, Bojan"]
[Result "1-0"]
[WhiteElo "2419"]
[BlackElo "2045"]
[PlyCount "113"]
[EventDate "2011.07.29"]

1. e4 Nf6 2. e5 Nd5 3. c4 Nb6 4. d4 d6 5. exd6 exd6 6. Nc3 Be7 7. Bd3 Nc6 8.
Nge2 Bg4 9. Be3 Bg5 10. Qd2 Bxe3 11. fxe3 Qh4+ 12. Ng3 Nb4 13. Nb5 Nxd3+ 14.
Qxd3 O-O 15. O-O Qe7 16. Rf4 Be6 17. b3 a6 18. Nc3 d5 19. cxd5 Nxd5 20. Nxd5
Bxd5 21. e4 Be6 22. Nh5 Qg5 23. Qf3 f5 24. Rf1 g6 25. Ng3 Qd8 26. exf5 gxf5 27.
Qxb7 Qd7 28. Rc1 Rfc8 29. Qc6 Qf7 30. Rc5 Bd7 31. Qd5 Be6 32. Qf3 Rf8 33. Nxf5
Kh8 34. Qe4 Rad8 35. Qe5+ Qf6 36. Ne3 Qxe5 37. Rxf8+ Rxf8 38. Rxe5 Rf6 39. d5
Bd7 40. Re7 Rd6 41. Kf2 c6 42. dxc6 Bxc6 43. Rc7 Rf6+ 44. Ke1 Re6 45. Kd2 Be4
46. h4 Rd6+ 47. Ke2 Bd3+ 48. Ke1 Re6 49. Kd2 Rd6 50. Kc3 Be4 51. Kb4 Rd2 52. a4
Rd3 53. Rc3 a5+ 54. Kc4 Rd2 55. Kb5 Rd4 56. Kxa5 Bd3 57. b4 1-0